H is for haunted house : (Record no. 3209)

MARC details
000 -LEADER
fixed length control field 00965cam a2200277 a 4500
005 - DATE AND TIME OF LATEST TRANSACTION
control field 20240219152821.0
020 ## - INTERNATIONAL STANDARD BOOK NUMBER
International Standard Book Number 9780843137163
040 ## - CATALOGING SOURCE
Original cataloging agency DLC
Transcribing agency DLC
Modifying agency DLC
Language of cataloging eng
050 00 - LIBRARY OF CONGRESS CALL NUMBER
Classification number PZ8.3.S8723
Item number 2010
082 00 - DEWEY DECIMAL CLASSIFICATION NUMBER
Classification number 437
100 1# - MAIN ENTRY--PERSONAL NAME
Personal name Stone, Tanya Lee
245 10 - TITLE STATEMENT
Title H is for haunted house :
Remainder of title a Halloween alphabet book /
Statement of responsibility, etc. by Stone, Tanya Lee ; illustrated by Burroughs, Scoott
260 ## - PUBLICATION, DISTRIBUTION, ETC.
Place of publication, distribution, etc. New York :
Name of publisher, distributor, etc. Price Stern Sloan,
Date of publication, distribution, etc. 2010
300 ## - PHYSICAL DESCRIPTION
Extent 24 unnumbered pages :
Other physical details color illustrations ;
Dimensions 21 cm .
505 ## - FORMATTED CONTENTS NOTE
Formatted contents note M <br/>
520 ## - SUMMARY, ETC.
Summary, etc. A group of children enjoys the frights and fun of a Halloween party and trick-or-treating in this rhyming alphabet book.
521 ## - TARGET AUDIENCE NOTE
Target audience note 530 <br/>
Source Lexile <br/>
521 ## - TARGET AUDIENCE NOTE
Target audience note M <br/>
Source Raz-Plus <br/>
650 #1 - SUBJECT ADDED ENTRY--TOPICAL TERM
Topical term or geographic name entry element Stories in rhyme
Form subdivision fiction
650 #1 - SUBJECT ADDED ENTRY--TOPICAL TERM
Topical term or geographic name entry element Halloween
Form subdivision Fiction
650 #1 - SUBJECT ADDED ENTRY--TOPICAL TERM
Topical term or geographic name entry element Alphabet
700 1# - ADDED ENTRY--PERSONAL NAME
Personal name Burroughs, Scott
Relator term illustrator
906 ## - LOCAL DATA ELEMENT F, LDF (RLIN)
a 7
b cbc
c orignew
d 1
e ecip
f 20
g y-gencatlg
942 ## - ADDED ENTRY ELEMENTS (KOHA)
Source of classification or shelving scheme Dewey Decimal Classification
Koha item type Books
Suppress in OPAC No
999 ## -
-- 3209
-- 3209
Holdings
Withdrawn status Lost status Source of classification or shelving scheme Damaged status Not for loan Collection Home library Current library Shelving location Date acquired Total Checkouts Full call number Barcode Date last seen Date last checked out Price effective from Koha item type
    Dewey Decimal Classification     Juvenile Fiction Footprints International School Library Network Toul Kork Campus Footprints International School Library Network Toul Kork Campus   02/19/2024 2 STO 437 PZ8.S8723 FISTK02228 04/10/2025 08/21/2024 02/19/2024 Books